Suomalaiset poliitikot - Kuvavisa #2 - Statistics

Yleistilastot
  • Tätä visaa on pelattu 260 kertaa
  • Keskiarvotulos 8 / 12
Vastaustilastot
Kuvavisa Vastaus % Oikein
Paavo Väyrynen
97%
Alexander Stubb
96%
Li Andersson
96%
Mauno Koivisto
90%
Antti Rinne
83%
Kike Elomaa
75%
Heidi Hautala
63%
Harri Holkeri
52%
Anne Berner
41%
Ari Vatanen
36%
Tarja Filatov
28%
Hannele Pokka
22%
Ehtoja vastaavia visoja ei löytynyt
Tulosjakauma
Jokaisen tuloksen saaneiden osuus
Persentiili vastausten määrän mukaan
Tuloshistoriasi
Et ole pelannut tätä visaa